000 00960nam a2200289 a 4500
008 951212s1976||||[C 0 slo c
020 _c13 Kčs.
_q(15000 výtl.)
040 _aSNK
_bslo
_cSNK
_eAACR2
041 1 _aslo
_hrus
044 _axo
_cSK
080 _a141.12:162.6:165.64/.65
080 _a162.6
080 _a165.64/.65
080 _a165.64/.65
080 _a141.12
080 _a162.6
100 1 _aLENIN, Vladimír Iĺjič
_4aut
245 1 0 _aMaterializmus a empiriokriticizmus
_cVladimír Iĺjič LENIN ; Vladimír Iĺjič Lenin, Emil Bačík
250 _a1., vyd.
260 _aBratislava
_bPravda
_c1976
_eBratislava
_fPravda
300 _a376 s., 23,99 AH
_c21 cm
490 0 _aKnižnica marxizmu-leninizmu.
500 _aLit. 233. Men. reg. Faksim. rkp. 233 zázn. lit. o knihách a čl. v jaz. slov., čes., rus., angl., nem. a franc.
700 1 _aLenin, Vladimír Iĺjič
_4aut
700 1 _aBačík, Emil
_4bkd
958 _aA
999 _c15562
_d15562